| 000 | 00602nam a22001695i 4500 | ||
|---|---|---|---|
| 001 | 68453 | ||
| 003 | ES-MaACL | ||
| 005 | 20230906170305.0 | ||
| 007 | t| | ||
| 008 | 960802s1840 sp ||||1| spa d | ||
| 040 |
_aCAM _bspa _cCAM |
||
| 100 | 1 |
_aGarcía San Pedro, Fernando. _955255 |
|
| 245 | 1 | 0 |
_aTratado completo de mecánica _b: destinado á la enseñanza en la Academia Especial de Ingenieros del Ejército / _cpor Fernando García San Pedro. |
| 260 |
_aMadrid : _b[s.n.], _c1840 ( _fImprenta Real) |
||
| 300 |
_aXV, [1] en bl., 485, [2] p., [2] h. pleg. ; _c22 cm. |
||
| 852 |
_aES-MaACL _jF-5034 |
||
| 999 |
_c68453 _d68453 |
||